00512nam a2200193 a 4500001001300000003000900013005001700022008004100039020001000080082001300090100002100103245004700124260003800171300000900209500003500218505002000253650002400273700002100297nice12345678IN_TiNIC20260116011837.0050524s1941 lona grp 000 0 eng  ac10000a201bMUR aMurray, A Victor aPersonal Experience and the Historic Faith aLondonbReligious Book Clubc1941 a304p aincludes index and biblioraphy2 aAppendix, Index aPhilosophy-Theology1 aMurray, A Victor